[Event "Thüringenliga 2024/25"]
[Site "?"]
[Date "2024.10.20"]
[Round "2.4"]
[White "Koch, Stefan"]
[Black "Zeidler, Andreas"]
[Result "0-1"]
[WhiteElo "1902"]
[BlackElo "1996"]
[PlyCount "80"]
[EventDate "2024.09.15"]
[EventType "team-tourn"]
[EventRounds "9"]
[WhiteTeam "SC Suhl"]
[BlackTeam "SV 1861 Liebschwitz"]

1. e4 d6 2. d4 g6 3. Nf3 Bg7 4. c3 Nf6 5. Bd3 O-O 6. O-O c5 7. Qb3 Qc7 8. Re1 Bg4 9. Nbd2 Nc6 10. d5 Na5 11. Qc2 c4 12. Bf1 b5 13. h3 Bd7 14. Nd4 e5 15. Ne2 Nh5 16. g4 Nf4 17. Nxf4 exf4 18. Nf3 Be5 19. Bd2 Qc8 20. Kh2 f6 21. Qc1 g5 22. Nxe5 fxe5 23. f3 h5 24. Re2 hxg4 25. hxg4 Kg7 26. Qe1 Rh8+ 27. Kg1 Rh6 28. Qf2 Qh8 29. Bg2 Kf6 30. Kf1 Nb7 31. b4 cxb3 32. axb3 Nc5 33. b4 Nd3 34. Qg1 a6 35. Be1 Qc8 36. Qb6 Ke7 37. Rd1 Qc4 38. Bd2 Rah8 39. Kg1 Nxb4 40. Ree1 Nd3 0-1

[Event "Thüringenliga 2024/25"]
[Site "?"]
[Date "2024.10.20"]
[Round "2.5"]
[White "Biel, Maik"]
[Black "Trautmann, Johannes"]
[Result "1/2-1/2"]
[WhiteElo "1959"]
[BlackElo "1818"]
[PlyCount "39"]
[EventDate "2024.09.15"]
[EventType "team-tourn"]
[EventRounds "9"]
[WhiteTeam "SV 1861 Liebschwitz"]
[BlackTeam "SC Suhl"]

1. d4 Nf6 2. c4 e6 3. Nc3 d5 4. Bg5 Be7 5. e3 O-O 6. Nf3 h6 7. Bh4 Nbd7 8. Rc1 b6 9. cxd5 exd5 10. Bd3 Bb7 11. O-O c5 12. Bb1 Ne4 13. Bxe7 Qxe7 14. dxc5 Nxc3 15. Rxc3 Nxc5 16. Nd4 Rac8 17. Qg4 Ne4 18. Nf5 Qf6 19. Bxe4 Rxc3 20. bxc3 1/2-1/2

[Event "Thüringenliga 2024/25"]
[Site "?"]
[Date "2024.10.20"]
[Round "2.6"]
[White "Ansorg, Nico"]
[Black "Kastner, Peter"]
[Result "0-1"]
[WhiteElo "1801"]
[BlackElo "1954"]
[PlyCount "134"]
[EventDate "2024.09.15"]
[EventType "team-tourn"]
[EventRounds "9"]
[WhiteTeam "SC Suhl"]
[BlackTeam "SV 1861 Liebschwitz"]

1. d4 Nf6 2. c4 e6 3. Nf3 d5 4. Bg5 Be7 5. Bxf6 Bxf6 6. e3 O-O 7. Nc3 c6 8. Be2 Nd7 9. Rc1 Re8 10. O-O dxc4 11. Bxc4 e5 12. Qb3 Qe7 13. d5 Nc5 14. Qc2 e4 15. Nd2 Bxc3 16. Qxc3 cxd5 17. Bxd5 Nd3 18. Rb1 Bf5 19. Qb3 Nc5 20. Qd1 Rad8 21. Bc4 Qg5 22. Kh1 Rd6 23. Qc2 Rg6 24. g3 Bh3 25. Rfc1 Qf5 26. Bxf7+ Qxf7 27. Qxc5 Qxf2 28. Qd5+ Rge6 29. Rg1 Qxe3 30. Rbe1 Qd3 31. Qxd3 exd3 32. Rxe6 Rxe6 33. b3 Re2 34. Rd1 b5 35. a3 Bg2+ 36. Kg1 Bd5 37. h4 Rg2+ 38. Kf1 Rxg3 39. Kf2 Rh3 40. b4 Rxh4 41. Ke3 Bc4 42. Nf3 Rh6 43. Kd4 Rd6+ 44. Kc3 Ra6 45. Kb2 Rf6 46. Ne5 Rf2+ 47. Kc3 Rc2+ 48. Kd4 Ra2 49. Nxd3 Rxa3 50. Ne5 Rb3 51. Kc5 h5 52. Rh1 Be2 53. Re1 Rb2 54. Nc6 Rc2+ 55. Kd6 Ra2 56. Nxa7 Rxa7 57. Rxe2 Kh7 58. Re5 Kh6 59. Rxb5 h4 60. Rd5 g5 61. Ke5 Rf7 62. b5 h3 63. Ke6 Rf1 64. Rd8 Kh5 65. Rh8+ Kg4 66. b6 Rb1 67. Rb8 h2 0-1

[Event "Thüringenliga 2024/25"]
[Site "?"]
[Date "2024.10.20"]
[Round "2.7"]
[White "Meissner, Steffen"]
[Black "Müller, Bernd"]
[Result "1-0"]
[WhiteElo "1784"]
[BlackElo "1753"]
[PlyCount "51"]
[EventDate "2024.09.15"]
[EventType "team-tourn"]
[EventRounds "9"]
[WhiteTeam "SV 1861 Liebschwitz"]
[BlackTeam "SC Suhl"]

1. e4 d5 2. exd5 Qxd5 3. Nc3 Qa5 4. d4 Nf6 5. Nf3 Bg4 6. h3 Bh5 7. Bd2 c6 8. Bc4 e6 9. g4 Bg6 10. Ne5 Qd8 11. Qe2 Bd6 12. O-O-O Bxe5 13. dxe5 Nd5 14. Ne4 Bxe4 15. Qxe4 Nd7 16. f4 Qc7 17. Be2 O-O-O 18. h4 f6 19. c4 N5b6 20. exf6 gxf6 21. Ba5 e5 22. fxe5 Qxe5 23. Qxe5 fxe5 24. g5 Rdf8 25. Bg4 Kc7 26. Rxd7+ 1-0

[Event "Thüringenliga 2024/25"]
[Site "?"]
[Date "2024.10.20"]
[Round "2.1"]
[White "Hoffmann, Tim"]
[Black "Vetter, Udo"]
[Result "1-0"]
[WhiteElo "2139"]
[BlackElo "1426"]
[PlyCount "83"]
[EventDate "2024.09.15"]
[EventType "team-tourn"]
[EventRounds "9"]
[WhiteTeam "ESV Gera"]
[BlackTeam "ESV Lok Sömmerda"]

1. e4 c5 2. Nf3 Nc6 3. d4 cxd4 4. Nxd4 d6 5. Nc3 g6 6. Be3 Nf6 7. f3 Bd7 8. Bc4 Bg7 9. Qd2 a6 10. h4 h5 11. Nd5 Na5 12. Be2 Rc8 13. b3 b5 14. O-O O-O 15. Bd3 Nc6 16. Ne2 Nxd5 17. exd5 Ne5 18. Bd4 Nxd3 19. Bxg7 Kxg7 20. Qxd3 Bf5 21. Qd4+ Kg8 22. c3 Qc7 23. a4 Qc5 24. Rfc1 Rc7 25. b4 Qxd4+ 26. Nxd4 Bd7 27. axb5 axb5 28. Ra5 Rb8 29. Kf2 Rc4 30. Ke3 Rbc8 31. Kd2 Rb8 32. Ra7 Rd8 33. Rb7 f6 34. Ra1 Kf8 35. Raa7 Ke8 36. g3 g5 37. hxg5 fxg5 38. Ne6 Bxe6 39. Rxe7+ Kf8 40. dxe6 Rc6 41. Rh7 Kg8 42. Rag7+ 1-0

[Event "Thüringenliga 2024/25"]
[Site "?"]
[Date "2024.10.20"]
[Round "2.2"]
[White "Koksch, Robert"]
[Black "Liebold, Aaron"]
[Result "1/2-1/2"]
[WhiteElo "1941"]
[BlackElo "2079"]
[PlyCount "99"]
[EventDate "2024.09.15"]
[EventType "team-tourn"]
[EventRounds "9"]
[WhiteTeam "ESV Lok Sömmerda"]
[BlackTeam "ESV Gera"]

1. d4 Nf6 2. c4 e6 3. Nc3 Bb4 4. Bg5 O-O 5. e3 h6 6. Bxf6 Qxf6 7. Rc1 b6 8. Qf3 Qxf3 9. Nxf3 Bb7 10. Bd3 d5 11. Ke2 dxc4 12. Bxc4 Nd7 13. Rhd1 Nf6 14. a3 Be7 15. Bd3 Rfd8 16. Nb5 c6 17. Nc3 Rac8 18. h3 c5 19. dxc5 Bxc5 20. g3 Be7 21. Nd4 Kf8 22. Ncb5 a6 23. Nc7 e5 24. Nf5 e4 25. Bxa6 Rxc7 26. Rxc7 Bxa6+ 27. Ke1 Rxd1+ 28. Kxd1 Bd8 29. Ra7 Bc8 30. Nd6 Be6 31. Kd2 g5 32. g4 Be7 33. Ra8+ Kg7 34. Nc8 Bd8 35. Na7 Bc7 36. Nb5 Bh2 37. Nd4 Bd7 38. b4 h5 39. gxh5 Bxh3 40. a4 Bd6 41. Nc2 Bf1 42. a5 bxa5 43. bxa5 Nxh5 44. a6 Bc5 45. a7 Kf6 46. Rh8 Bxa7 47. Rxh5 Kg6 48. Rh1 Bg2 49. Ra1 Bb8 50. Nd4 1/2-1/2

[Event "Thüringenliga 2024/25"]
[Site "?"]
[Date "2024.10.20"]
[Round "2.3"]
[White "Helmsdorf, Marius"]
[Black "Kalisch, Michael"]
[Result "1-0"]
[WhiteElo "2000"]
[BlackElo "2084"]
[PlyCount "85"]
[EventDate "2024.09.15"]
[EventType "team-tourn"]
[EventRounds "9"]
[WhiteTeam "ESV Gera"]
[BlackTeam "ESV Lok Sömmerda"]

1. d4 d5 2. Nc3 Nf6 3. Bf4 e6 4. e3 Bb4 5. h4 c5 6. Nge2 b6 7. a3 Ba5 8. b4 cxb4 9. Nb5 Na6 10. axb4 Bxb4+ 11. c3 Be7 12. Rxa6 Bxa6 13. Nc7+ Kf8 14. Nxa6 Ne4 15. h5 Bd6 16. f3 Bxf4 17. Nxf4 Ng3 18. Rh3 Nxf1 19. Kxf1 Qd6 20. Qb3 Rc8 21. Ne2 f6 22. e4 Kf7 23. Kf2 Rhd8 24. Rh1 Rc4 25. exd5 exd5 26. Ra1 Rdc8 27. Nb4 a5 28. Nc2 g6 29. Ne3 R4c6 30. hxg6+ hxg6 31. Qxd5+ Qxd5 32. Nxd5 Ra8 33. c4 a4 34. Nec3 a3 35. Ne3 f5 36. f4 Re6 37. d5 Re7 38. Ra2 Rae8 39. Ncd1 Re4 40. g3 Ra8 41. Nc3 Rd4 42. Ke2 Re8 43. Nb5 1-0

[Event "Thüringenliga 2024/25"]
[Site "?"]
[Date "2024.10.20"]
[Round "2.4"]
[White "Kühn, Martin"]
[Black "Puschendorf, Steffen"]
[Result "0-1"]
[WhiteElo "2092"]
[BlackElo "2012"]
[PlyCount "80"]
[EventDate "2024.09.15"]
[EventType "team-tourn"]
[EventRounds "9"]
[WhiteTeam "ESV Lok Sömmerda"]
[BlackTeam "ESV Gera"]

1. d4 d5 2. c4 e6 3. Nc3 Nf6 4. Nf3 a6 5. cxd5 exd5 6. Bg5 Be7 7. e3 O-O 8. Qc2 c6 9. Bd3 h6 10. Bh4 Nbd7 11. Rb1 Re8 12. Bg3 c5 13. O-O c4 14. Be2 b5 15. Ne5 Bb7 16. Qf5 Nb6 17. Bh5 Rf8 18. Bxf7+ Rxf7 19. Qe6 Qe8 20. Nxf7 Qxf7 21. Qxb6 Bd8 22. Qd6 Rc8 23. a4 Be7 24. Qe5 b4 25. Ne2 Ne4 26. Nf4 Bd6 27. Qe6 Bxf4 28. Qxf7+ Kxf7 29. Bxf4 Nd2 30. a5 Nxb1 31. Rxb1 b3 32. Bd6 Rc6 33. Bc5 Bc8 34. Rc1 Bf5 35. f3 Rxc5 36. e4 Rxa5 37. exd5 Ra2 38. Rb1 a5 39. Kf1 a4 40. Ke1 Rxb2 0-1

[Event "Thüringenliga 2024/25"]
[Site "?"]
[Date "2024.10.20"]
[Round "2.6"]
[White "Bachmann, Nick"]
[Black "Barz, Henrik"]
[Result "1/2-1/2"]
[WhiteElo "1881"]
[BlackElo "1794"]
[PlyCount "78"]
[EventDate "2024.09.15"]
[EventType "team-tourn"]
[EventRounds "9"]
[WhiteTeam "ESV Lok Sömmerda"]
[BlackTeam "ESV Gera"]

1. e4 e6 2. Qe2 e5 3. Nf3 Nc6 4. g3 Bc5 5. Bg2 d6 6. c3 a5 7. O-O Nge7 8. a4 O-O 9. d3 Rb8 10. Na3 f5 11. exf5 Bxf5 12. Be3 Bxe3 13. fxe3 e4 14. dxe4 Bxe4 15. Nd4 Bxg2 16. Qxg2 Qd7 17. Qe4 Ne5 18. Nac2 b6 19. b3 Qh3 20. Rad1 Rbe8 21. Qg2 Qxg2+ 22. Kxg2 Rxf1 23. Rxf1 Nd5 24. c4 Nc3 25. Nb5 Nxb5 26. cxb5 Nd3 27. Kf3 Nc5 28. Nd4 Rf8+ 29. Ke2 Rxf1 30. Kxf1 Kf7 31. Ke2 Kf6 32. Kf3 Ke5 33. Nc6+ Kd5 34. Nd4 g6 35. Kf4 h6 36. h3 Ne6+ 37. Nxe6 Kxe6 38. Ke4 g5 39. h4 gxh4 1/2-1/2

[Event "Thüringenliga 2024/25"]
[Site "?"]
[Date "2024.10.20"]
[Round "2.7"]
[White "Kupper, Matthias"]
[Black "Berlt, Norbert"]
[Result "1/2-1/2"]
[WhiteElo "1748"]
[BlackElo "1610"]
[PlyCount "86"]
[EventDate "2024.09.15"]
[EventType "team-tourn"]
[EventRounds "9"]
[WhiteTeam "ESV Gera"]
[BlackTeam "ESV Lok Sömmerda"]

1. e4 e5 2. Nf3 Nc6 3. Bc4 Nd4 4. c3 Nxf3+ 5. Qxf3 Qf6 6. Qe2 Qg6 7. O-O Nf6 8. d3 Bc5 9. b4 Bb6 10. a4 a6 11. a5 Ba7 12. Be3 d6 13. Nd2 Bh3 14. Qf3 Bg4 15. Qg3 Nh5 16. Qh4 Be2 17. Rfe1 Qg4 18. Qxg4 Bxg4 19. Bxa7 Rxa7 20. f3 Be6 21. d4 Bxc4 22. Nxc4 f6 23. g3 Ra8 24. Kf2 Ke7 25. Ne3 Rac8 26. Rac1 Rhf8 27. Red1 g6 28. Rc2 Rcd8 29. Nd5+ Kd7 30. Ke3 c6 31. g4 cxd5 32. gxh5 dxe4 33. dxe5 fxe5 34. hxg6 Rxf3+ 35. Kxe4 Rf4+ 36. Kd5 hxg6 37. Rg1 Rg8 38. Rcg2 Rf6 39. h4 Ke7 40. h5 Kf7 41. hxg6+ Rgxg6 42. Rxg6 Rxg6 43. Rh1 Kf8 1/2-1/2

[Event "Thüringenliga 2024/25"]
[Site "?"]
[Date "2024.10.20"]
[Round "2.1"]
[White "Aniol, Adrian"]
[Black "Carnot, Luca"]
[Result "1/2-1/2"]
[WhiteElo "1982"]
[BlackElo "2087"]
[PlyCount "144"]
[EventDate "2024.09.15"]
[EventType "team-tourn"]
[EventRounds "9"]
[WhiteTeam "VfL 1990 Gera"]
[BlackTeam "TSG Apolda"]

1. e4 c6 2. c4 d5 3. exd5 cxd5 4. cxd5 Nf6 5. Nc3 Nxd5 6. Bb5+ Nc6 7. Nf3 e6 8. Ne5 Qc7 9. Qe2 Nf4 10. Qe4 Qxe5 11. Qxe5 Nd3+ 12. Bxd3 Nxe5 13. Bb5+ Bd7 14. O-O O-O-O 15. Be2 Nc6 16. d3 Nd4 17. Bf4 f6 18. Rac1 Bc6 19. Be3 Kb8 20. Rfd1 Be7 21. Rd2 Bb4 22. Rcd1 Rd7 23. a3 Be7 24. b4 Rc8 25. Bxd4 Rxd4 26. Ne4 Ba4 27. Rb1 f5 28. Ng3 Bg5 29. Rdb2 Bc2 30. Re1 Bxd3 31. Bxd3 Rxd3 32. Rbe2 Bd2 33. Rd1 Rc1 34. Rxc1 Bxc1 35. a4 Rd6 36. Kf1 Rd1+ 37. Re1 Rxe1+ 38. Kxe1 Bf4 39. Ne2 Bd6 40. Nd4 Bxb4+ 41. Ke2 g6 42. Nxe6 Kc8 43. Kd3 Kd7 44. Ng5 h6 45. Nf7 Ke7 46. Ne5 Kf6 47. Nc4 Bc5 48. f3 a6 49. Na5 b5 50. Nb3 Bg1 51. axb5 axb5 52. h3 Kg5 53. Nc1 Kf6 54. Kc3 Bc5 55. Nd3 Bd6 56. Kd4 Ke6 57. Nc1 Kd7 58. Kd5 b4 59. Nb3 Bh2 60. Nc5+ Ke7 61. Nb3 Kf6 62. Kd4 Bf4 63. Kc4 Kg5 64. Nd4 Bd2 65. Ne2 Kf6 66. Kd4 Ke6 67. Kd3 Bg5 68. Kc4 Bd2 69. Kd3 Bc3 70. Nxc3 bxc3 71. Kxc3 Ke5 72. g3 Kd5 1/2-1/2

[Event "Thüringenliga 2024/25"]
[Site "?"]
[Date "2024.10.20"]
[Round "2.2"]
[White "Machelett, Heiko"]
[Black "Seidens, Gunter"]
[Result "1-0"]
[WhiteElo "2284"]
[BlackElo "1932"]
[PlyCount "55"]
[EventDate "2024.09.15"]
[EventType "team-tourn"]
[EventRounds "9"]
[WhiteTeam "TSG Apolda"]
[BlackTeam "VfL 1990 Gera"]

1. d4 d5 2. c4 e6 3. Nf3 Nf6 4. Nc3 Nbd7 5. Bf4 a6 6. c5 Nh5 7. Bd2 c6 8. h3 g6 9. Qc2 e5 10. g4 Ng7 11. Nxe5 Nxe5 12. dxe5 Bxc5 13. O-O-O Qe7 14. f4 h5 15. Bg2 Bd7 16. Kb1 O-O-O 17. b4 d4 18. Ne4 Ba7 19. Bf3 Kb8 20. a3 Rc8 21. Rc1 hxg4 22. hxg4 Rxh1 23. Rxh1 c5 24. bxc5 Bxc5 25. Nxc5 Rxc5 26. Bb4 Rb5 27. Rh8+ Ka7 28. Qc4 1-0

[Event "Thüringenliga 2024/25"]
[Site "?"]
[Date "2024.10.20"]
[Round "2.3"]
[White "Huster, Mike"]
[Black "Goemann, Jens"]
[Result "1/2-1/2"]
[WhiteElo "1932"]
[BlackElo "2035"]
[PlyCount "60"]
[EventDate "2024.09.15"]
[EventType "team-tourn"]
[EventRounds "9"]
[WhiteTeam "VfL 1990 Gera"]
[BlackTeam "TSG Apolda"]

1. d4 Nf6 2. Nf3 d6 3. g3 g6 4. Bg2 Bg7 5. c4 O-O 6. O-O c6 7. Nc3 Qa5 8. e4 Bg4 9. h3 Bxf3 10. Bxf3 Nfd7 11. Be3 e5 12. d5 Qc7 13. Qd2 Nb6 14. b3 Qe7 15. a4 c5 16. a5 N6d7 17. g4 Na6 18. Be2 Nb4 19. Kh2 Kh8 20. g5 f5 21. gxf6 Nxf6 22. Rg1 Rf7 23. Rg2 Raf8 24. Bg5 Qd7 25. Bf3 Qc7 26. Bxf6 Rxf6 27. Bg4 Rf4 28. Be6 Bh6 29. Bg4 Qg7 30. Qe2 Qe7 1/2-1/2

[Event "Thüringenliga 2024/25"]
[Site "?"]
[Date "2024.10.20"]
[Round "2.4"]
[White "Rohmeiß, Roberto"]
[Black "Aniol, Nico"]
[Result "0-1"]
[WhiteElo "1970"]
[BlackElo "1929"]
[PlyCount "68"]
[EventDate "2024.09.15"]
[EventType "team-tourn"]
[EventRounds "9"]
[WhiteTeam "TSG Apolda"]
[BlackTeam "VfL 1990 Gera"]

1. e4 c5 2. Nf3 Nc6 3. c3 d5 4. e5 Bg4 5. Bb5 Qb6 6. Qa4 Bxf3 7. gxf3 Rc8 8. d4 cxd4 9. cxd4 a6 10. Bxc6+ Rxc6 11. Nc3 e6 12. O-O Ne7 13. Ne2 Nf5 14. Qd1 Be7 15. b3 O-O 16. Bb2 Rfc8 17. Qd3 Qa5 18. a4 g6 19. Rac1 Rxc1 20. Rxc1 Rxc1+ 21. Nxc1 Qe1+ 22. Qf1 Qd2 23. Nd3 Nh4 24. f4 Nf3+ 25. Kh1 Qc2 26. f5 exf5 27. Ba1 Nd2 28. Qe2 Qb1+ 29. Kg2 Qxa1 30. Qxd2 Qxd4 31. Qc2 Kg7 32. Qc7 Bh4 33. e6 Qxd3 34. Qxf7+ Kh6 0-1

[Event "Thüringenliga 2024/25"]
[Site "?"]
[Date "2024.10.20"]
[Round "2.5"]
[White "Schönfeld, Volker"]
[Black "Kroh, Christian"]
[Result "1/2-1/2"]
[WhiteElo "1827"]
[BlackElo "1773"]
[PlyCount "91"]
[EventDate "2024.09.15"]
[EventType "team-tourn"]
[EventRounds "9"]
[WhiteTeam "VfL 1990 Gera"]
[BlackTeam "TSG Apolda"]

1. e4 c6 2. c4 d5 3. cxd5 cxd5 4. exd5 Nf6 5. Qa4+ Bd7 6. Qb3 Qb6 7. Nc3 g6 8. Nf3 Bg7 9. Bc4 O-O 10. O-O Rd8 11. h3 Na6 12. d4 Rac8 13. Bf4 Be8 14. Rfe1 Bf8 15. Be5 Nc7 16. d6 Na6 17. dxe7 Bxe7 18. Bxf6 Qxb3 19. axb3 Bxf6 20. Nd5 Kg7 21. Nxf6 Kxf6 22. Bxa6 bxa6 23. Rxa6+ Rc6 24. Rxa7 Rb6 25. Re3 Rdb8 26. Ra3 Bc6 27. Ne5 Rd8 28. Ra7 Bb7 29. Ng4+ Kg7 30. Re7 Bd5 31. Ne5 Rf6 32. g4 Rc8 33. Rac7 Rxc7 34. Rxc7 Rb6 35. Rc3 Bxb3 36. Rd3 Bd5 37. Rd2 Rb3 38. Kh2 Kf6 39. h4 h6 40. Nd3 g5 41. h5 Ke7 42. Kg1 f6 43. Kh2 Kd6 44. Nc5 Rf3 45. b4 Bc6 46. Rb2 1/2-1/2

[Event "Thüringenliga 2024/25"]
[Site "?"]
[Date "2024.10.20"]
[Round "2.6"]
[White "Maiwald, Harald"]
[Black "Pekrul, Jürgen"]
[Result "1-0"]
[WhiteElo "1888"]
[BlackElo "1821"]
[PlyCount "47"]
[EventDate "2024.09.15"]
[EventType "team-tourn"]
[EventRounds "9"]
[WhiteTeam "TSG Apolda"]
[BlackTeam "VfL 1990 Gera"]

1. d4 d5 2. Nf3 Nf6 3. g3 e6 4. Bg2 Be7 5. O-O O-O 6. c4 Nbd7 7. Qc2 dxc4 8. Qxc4 c5 9. Rd1 Nb6 10. Qc2 cxd4 11. Nxd4 Nfd5 12. e4 Nb4 13. Qe2 Qc7 14. Nc3 a6 15. a3 Nc6 16. Nxc6 Qxc6 17. Bf4 Nd7 18. Rac1 Qb6 19. b4 Qd8 20. Na4 Qe8 21. Bc7 b5 22. e5 Ra7 23. Bb6 Nxb6 24. Nxb6 {ZÜ} 1-0

[Event "Thüringenliga 2024/25"]
[Site "?"]
[Date "2024.10.20"]
[Round "2.7"]
[White "Drechsel, Uwe"]
[Black "Krug, Klaus-Peter"]
[Result "0-1"]
[WhiteElo "1843"]
[BlackElo "1805"]
[PlyCount "142"]
[EventDate "2024.09.15"]
[EventType "team-tourn"]
[EventRounds "9"]
[WhiteTeam "VfL 1990 Gera"]
[BlackTeam "TSG Apolda"]

1. e4 c5 2. Nf3 d6 3. d4 cxd4 4. Nxd4 Nf6 5. Nc3 a6 6. a4 g6 7. Be2 Bg7 8. Be3 Nc6 9. O-O O-O 10. Qd2 Re8 11. Rad1 Bd7 12. f3 Rc8 13. Nxc6 Bxc6 14. Bc4 Nd7 15. Bb3 Nc5 16. Bxc5 dxc5 17. Qf4 Bd4+ 18. Kh1 e6 19. e5 Qc7 20. Rfe1 b5 21. axb5 axb5 22. h4 Bxc3 23. bxc3 c4 24. Ba2 Ra8 25. Bb1 Qe7 26. Rd6 Bd5 27. Kh2 Kg7 28. Qd4 Red8 29. h5 Qg5 30. g4 Qh4+ 31. Kg2 g5 32. Qe3 Qxg4+ 33. Kf2 Qf4 34. Qxf4 gxf4 35. Rb6 Rdb8 36. Rd6 Ra3 37. Rg1+ Kh6 38. Rg4 Rb7 39. Rxf4 Ra1 40. Rd8 f5 41. exf6 Rf7 42. Re8 Ra8 43. Re7 Rxe7 44. fxe7 Re8 45. Ke3 Rxe7 46. Rh4 Ra7 47. Rh1 Rg7 48. Rf1 Rg5 49. Kd4 Kxh5 50. f4 Rf5 51. Re1 Kg6 52. Rg1+ Kf6 53. Ke3 e5 54. fxe5+ Kxe5 55. Rg7 Rf3+ 56. Ke2 h5 57. Re7+ Kd6 58. Rg7 Rf6 59. Rg5 Kc6 60. Ke3 Bf3 61. Rg8 Bg4 62. Kd4 Rd6+ 63. Ke4 Rd1 64. Ba2 Kb6 65. Rg6+ Kc7 66. Rg7+ Rd7 67. Rg8 Rh7 68. Rg5 Bd7 69. Kd4 h4 70. Rc5+ Bc6 71. Bxc4 bxc4 0-1

[Event "Thüringenliga 2024/25"]
[Site "?"]
[Date "2024.10.20"]
[Round "2.8"]
[White "Walther, Cliff"]
[Black "Aniol, Torsten"]
[Result "1-0"]
[WhiteElo "1989"]
[BlackElo "1507"]
[PlyCount "96"]
[EventDate "2024.09.15"]
[EventType "team-tourn"]
[EventRounds "9"]
[WhiteTeam "TSG Apolda"]
[BlackTeam "VfL 1990 Gera"]

1. d4 d5 2. c4 Nf6 3. cxd5 Qxd5 4. Nf3 e6 5. a3 Nc6 6. e3 a6 7. Be2 Be7 8. O-O O-O 9. Nc3 Qd7 10. b4 b5 11. Qb3 Bb7 12. Rd1 Nd5 13. Ne4 Nf6 14. Nxf6+ Bxf6 15. Bb2 Ne7 16. Rac1 Bd5 17. Qc2 Rac8 18. e4 Bb7 19. e5 Bxf3 20. exf6 Bxe2 21. fxe7 Bxd1 22. exf8=Q+ Kxf8 23. Qxd1 Qd5 24. Qc2 g6 25. Qc5+ Kg7 26. Qxd5 exd5 27. Rc6 h5 28. Bc1 f6 29. Rxa6 g5 30. f4 Re8 31. Kf2 g4 32. f5 h4 33. Rc6 Re7 34. Bf4 g3+ 35. hxg3 hxg3+ 36. Kxg3 Re4 37. Rxc7+ Kg8 38. Rc2 Rxd4 39. Rd2 Rc4 40. Rxd5 Rc3+ 41. Kg4 Rxa3 42. Rxb5 Ra2 43. g3 Ra7 44. Ra5 Rg7+ 45. Kh5 Rb7 46. Kg6 Kf8 47. Kxf6 Rb6+ 48. Kg5 Rxb4 1-0

[Event "Thüringenliga 2024/25"]
[Site "?"]
[Date "2024.10.20"]
[Round "2.1"]
[White "Berger, Thomas"]
[Black "Ziganshin, Ainur"]
[Result "0-1"]
[WhiteElo "2111"]
[BlackElo "2244"]
[PlyCount "110"]
[EventDate "2024.09.15"]
[EventType "team-tourn"]
[EventRounds "9"]
[WhiteTeam "fuß brothers Jena"]
[BlackTeam "Ilmenauer SV"]

1. c4 e6 2. Nf3 d5 3. g3 Nf6 4. Bg2 d4 5. O-O Be7 6. d3 O-O 7. e4 Nc6 8. e5 Nd7 9. Qe2 Nc5 10. Ne1 f6 11. f4 fxe5 12. fxe5 Rxf1+ 13. Bxf1 Bg5 14. Bd2 Bd7 15. Nf3 Bxd2 16. Qxd2 Be8 17. g4 a5 18. Na3 Bg6 19. Nc2 Qd7 20. Be2 Rf8 21. Rf1 h6 22. Nce1 Bh7 23. h4 Qe8 24. Rf2 Nd7 25. Rg2 Ndxe5 26. g5 Nxf3+ 27. Nxf3 h5 28. g6 Bxg6 29. Qg5 Rf6 30. Nd2 Qf7 31. a3 Ne7 32. Qxa5 Rf4 33. Qxc7 Rxh4 34. Qxb7 Rh3 35. Nf3 Qf8 36. Qd7 Rxf3 37. Bxf3 Qxf3 38. Qxe6+ Qf7 39. Qxf7+ Kxf7 40. c5 Ke6 41. b4 Bxd3 42. Rd2 Bb5 43. Rxd4 Nd5 44. Rh4 g6 45. Rh2 Ke5 46. Rc2 g5 47. Kf2 g4 48. Kg3 Ne3 49. Rc1 Nf5+ 50. Kh2 Nd4 51. Rd1 h4 52. Kg2 Bc6+ 53. Kf2 g3+ 54. Ke3 Nf5+ 55. Ke2 h3 0-1

[Event "Thüringenliga 2024/25"]
[Site "?"]
[Date "2024.10.20"]
[Round "2.2"]
[White "Geißhirt, Marco"]
[Black "Zipfel, Frank"]
[Result "1-0"]
[WhiteElo "1985"]
[BlackElo "2012"]
[PlyCount "65"]
[EventDate "2024.09.15"]
[EventType "team-tourn"]
[EventRounds "9"]
[WhiteTeam "Ilmenauer SV"]
[BlackTeam "fuß brothers Jena"]

1. e4 c5 2. Nf3 Nc6 3. Bb5 Nf6 4. Bxc6 dxc6 5. Qe2 g6 6. h3 Bg7 7. O-O O-O 8. d3 b6 9. a4 a5 10. Nbd2 Re8 11. Nc4 Nd7 12. Rd1 Nf8 13. c3 Qc7 14. Qc2 Ba6 15. Be3 e5 16. b4 Bxc4 17. dxc4 cxb4 18. cxb4 axb4 19. c5 b5 20. axb5 cxb5 21. Qb3 Rxa1 22. Rxa1 Ne6 23. Qxb4 Qc6 24. Ra5 Nd4 25. Bxd4 exd4 26. Qxb5 Qxe4 27. Qd7 Qb1+ 28. Kh2 Qb8+ 29. Qd6 Qb2 30. c6 Bf8 31. Qd7 Re7 32. Ra8 Kg7 33. Qd8 1-0

[Event "Thüringenliga 2024/25"]
[Site "?"]
[Date "2024.10.20"]
[Round "2.3"]
[White "Latka, Richard"]
[Black "Nowak, Thomas"]
[Result "0-1"]
[WhiteElo "1903"]
[BlackElo "2010"]
[PlyCount "106"]
[EventDate "2024.09.15"]
[EventType "team-tourn"]
[EventRounds "9"]
[WhiteTeam "fuß brothers Jena"]
[BlackTeam "Ilmenauer SV"]

1. e4 e6 2. Nf3 b6 3. d4 Bb7 4. Bd3 c5 5. c3 d5 6. e5 h6 7. O-O Nc6 8. a3 c4 9. Bc2 b5 10. Re1 a5 11. Nbd2 b4 12. axb4 axb4 13. Rxa8 Qxa8 14. Nf1 b3 15. Bb1 Qa1 16. N3d2 h5 17. f4 g6 18. Ne3 Nce7 19. Nexc4 dxc4 20. Nxc4 Nc8 21. Qxb3 Qa8 22. Re2 Bd5 23. Bd3 Nge7 24. Qc2 Nc6 25. b4 Bxb4 26. cxb4 Nxd4 27. Qa2 Nxe2+ 28. Qxe2 Qa1 29. Qc2 O-O 30. h3 Bxc4 31. Bxc4 Kg7 32. Kh2 Qd4 33. Ba6 Nb6 34. Qc5 Rd8 35. Be3 Qxc5 36. bxc5 Nd5 37. c6 Ra8 38. Bb7 Ra2 39. Bc5 Rc2 40. Bd6 h4 41. Kg1 g5 42. fxg5 Kg6 43. Kh2 Kxg5 44. c7 Nxc7 45. Be7+ Kf5 46. Bxh4 Nd5 47. Bg3 Nf4 48. h4 Kxe5 49. h5 Kf5 50. Bxf4 Kxf4 51. h6 Rd2 52. Kh3 Kg5 53. h7 Rd8 0-1

[Event "Thüringenliga 2024/25"]
[Site "?"]
[Date "2024.10.20"]
[Round "2.4"]
[White "Rauch, Arwid"]
[Black "Wicklein, Stefan"]
[Result "0-1"]
[WhiteElo "1748"]
[BlackElo "1940"]
[PlyCount "94"]
[EventDate "2024.09.15"]
[EventType "team-tourn"]
[EventRounds "9"]
[WhiteTeam "Ilmenauer SV"]
[BlackTeam "fuß brothers Jena"]

1. e4 c5 2. b3 d6 3. Bb2 Nc6 4. g3 e5 5. Bg2 g6 6. Ne2 Bg7 7. O-O Nge7 8. d3 O-O 9. Nd2 f5 10. f4 Qc7 11. Nf3 Bd7 12. fxe5 dxe5 13. Nd2 Rae8 14. Nc4 Nd4 15. Qd2 Bc6 16. Nxd4 exd4 17. Na5 fxe4 18. Nxc6 Nxc6 19. Bxe4 Ne5 20. Rxf8+ Rxf8 21. Rf1 Rxf1+ 22. Kxf1 Ng4 23. Qe2 Ne3+ 24. Kg1 Qf7 25. Bc1 Bh6 26. Bxe3 dxe3 27. Qf3 Qxf3 28. Bxf3 b6 29. Kg2 Kf7 30. Be2 Ke6 31. Kf3 Kd5 32. c3 b5 33. h4 b4 34. g4 bxc3 35. Bd1 Kd4 36. Bc2 Bg7 37. h5 Bf6 38. hxg6 hxg6 39. Ke2 Bh4 40. Kf3 Be1 41. Ke2 Bd2 42. Kf3 Kd5 43. d4 g5 44. dxc5 Kxc5 45. Ke2 Kb4 46. Kd3 Ka3 47. Bd1 Kb2 0-1

[Event "Thüringenliga 2024/25"]
[Site "?"]
[Date "2024.10.20"]
[Round "2.5"]
[White "Richter, Sebastian"]
[Black "Ortlepp, Steffen"]
[Result "1/2-1/2"]
[WhiteElo "1857"]
[BlackElo "1823"]
[PlyCount "20"]
[EventDate "2024.09.15"]
[EventType "team-tourn"]
[EventRounds "9"]
[WhiteTeam "fuß brothers Jena"]
[BlackTeam "Ilmenauer SV"]

1. e4 c5 2. Nf3 Nc6 3. Bb5 g6 4. Bxc6 bxc6 5. d4 Bg7 6. dxc5 Qa5+ 7. c3 Qxc5 8. O-O d6 9. Be3 Qb5 10. Qc2 Nf6 1/2-1/2